000 00999nam0a22003011 4500
001 v19\rc\1821279
005 20260406164913.0
035 _a(NLR Aleph) 004939227
090 _a5762944
_c5762944
100 _a20071224d1907 u y0rusy50 ca
101 0 _arus
102 _aRU
105 _ay z |||c|
200 1 _aПустыня
_eОчерки из жизни фиваидских отшельников
_eВ 2 ч.
_fЕ. Поселянин
205 _a2-е изд., испр.
210 _aСанкт-Петербург
_cИ.Л. Тузов
_d1907
215 _a436, II с.
_d21
532 1 3 _aПустыня
700 1 _8rus
_7ca
_aПогожев
_bЕ. Н.
_f1870-1931
_gЕвгений Николаевич
_3RU\NLR\auth\7711338
_9121088
790 1 _aПоселянин
_bЕ.
_f1870-1931
801 0 _aRU
_bNLR
_gpsbo
801 0 _aRU
_bRuMoRGB
_2psbo
801 1 _aRU
_bProSoft-M
_2rusmarc
852 _aNLR
_j38.37.4.52
899 _aRuMoRGB
_jH 5/271
942 _cBOOK
980 _aNB